| 000 | 01080cam a22002054a 4500 | ||
|---|---|---|---|
| 005 | 20250605163925.0 | ||
| 008 | 250528s ||||||||||||||||||||||||d | ||
| 035 | _a14507 | ||
| 020 | _a205157351 | ||
| 040 |
_aGR-AtMCL _bgre _dGR-AtMCL _eAACR2 |
||
| 245 | 1 | _aPhysiology of Behavior / Fifth Edition | |
| 250 | _a5th | ||
| 260 |
_bAllyn And Bacon, _c1994 |
||
| 300 | _a704 | ||
| 520 | _aPreface, Introduction, Structure and Functions of Cells of the Nervous System, Neural Communication, Structure of the Nervous System, Methods of Physiological Psychology, Vision, Audition and the Body Senses and the Chemical Senses, Sleep, Reproductive Behavior, Emotion and Stress, Ingestive Behavior: Drinking, Ingestive Behavior: Eating, Learning and Memory: Basic Mechanisms, Relational Learning and Amnesia, Human Communication, Mental Disorders: Schizophrenia and the Affective Disorders, Mental Disorders: Anxiety Disorders and Autism and Addiction, Glossary, References, Name and Subject Index. | ||
| 700 | 1 |
_aCarlson Neil R _9206 |
|
| 942 | _cBK | ||
| 999 |
_c136 _d136 |
||